000 00952nam a22003257a 4500
001 BR2011003381
003 BR-BrBNA
005 20230928103643.0
007 ta
008 230509b bl.||||| |||| 00| 0 por d
040 _aBR-BrBNA
_bpor
_cBiblioteca Nacional de Agricultura
041 _a(Por)
072 _aE14; F01; E16
_b0430
090 _ 0430 BR2011003381
110 1 _aMinistério da Agricultura, Pecuária e Abastecimento, Brasília, DF (Brasil). Secretaria Executiva
245 1 _aAgenda estratégica 2010-2015; algodão
260 3 _aBrasília, DF (Brasil):
_c2011.
300 _a38 p.
650 _aALGODÃO
650 _aCADEIA PRODUTIVA
650 _aPOLÍTICAS PÚBLICAS
650 _aDIRETRIZ
650 _aDESENVOLVIMENTO AGRÍCOLA
650 _aESTATÍSTICA
650 _aASSISTÊNCIA tÉCNICA
650 _aCOMERCIALIZAÇÃO
650 _aLEGISLAÇÃO
909 _a202309
_bLucia
_c55
_dLucia Elande
942 _cBK
999 _c75989
_d75989